• 首页
  • 本馆介绍
  • 公告通知
  • 最新文献
  • 馆藏检索
  • 电子资源
  • 读者导购
  • 参考咨询
  • 我的图书馆
  • 登录
  • 详细信息显示
  • 放入我的书架
  • 预约/预借图书
  • 作者相关作品
  • 分类相关作品
  • 丛书相关作品
  • 出版社相关作品

书目信息

  • 表格格式
  • 工作单格式
  • 卡片格式
题名:
水文地质工程地质物探技术研究
    
 
作者: 师明川 , 王松林 , 张晓波 主编
分册:  
出版信息: 北京   文化发展出版社有限公司  2021.2
页数: 247页
开本: 24cm
丛书名:
单 册:
中图分类: P641.72
科图分类:
主题词: 水文地质勘探--研究
电子资源:
ISBN: 978-7-5142-3000-0
000 00939nam0 2200253 45
001 012001000256
005 20140910174745.0
010    @a978-7-5142-3000-0@dCNY50.00
100    @a20210908e20212020em y0chiy50 ea
101 0  @achi
102    @aCN@b110000
105    @ay z 000yy
106    @ar
200 1  @a水文地质工程地质物探技术研究@Ashui wen di zhi gong cheng di zhi wu tan ji shu yan jiu@f师明川,王松林,张晓波主编
210    @a北京@c文化发展出版社有限公司@d2021.2
215    @a247页@d24cm
330    @a本书共十二章,内容包括:水文地质勘察工作概述、水文地质测绘、水文地质物探、钻探水文地质基础知识、水文地质试验的基本知识、地下水的形成及其水循环、地下水常见类型等。
606 0  @a水文地质勘探@x研究
690    @aP641.72@v5
701  0 @a师明川@Ashi ming chuan@4主编
701  0 @a王松林@Awang song lin@4主编
701  0 @a张晓波@Azhang xiao bo@4主编
801  0 @aCN@bBJSDL@c20211011
905    @b1330998-1001@dP641.72@e140@f4
    
    水文地质工程地质物探技术研究/师明川,王松林,张晓波主编.-北京:文化发展出版社有限公司,2021.2
    247页;24cm
    
    
    ISBN 978-7-5142-3000-0:CNY50.00
    本书共十二章,内容包括:水文地质勘察工作概述、水文地质测绘、水文地质物探、钻探水文地质基础知识、水文地质试验的基本知识、地下水的形成及其水循环、地下水常见类型等。
●
相关链接 在E读中查询图书 在五车中查询图书 在当当中查询图书 在豆瓣中查询图书


正题名:水文地质工程地质物探技术研究     索取号:P641.72/140         预约/预借

序号 登录号 条形码 馆藏地/架位号 状态 备注
1 1330998   213309980   第二样本阅览室/ [索取号:P641.72/140] 在馆    
2 1330999   213309999   第三借阅区/ [索取号:P641.72/140] 在馆    
3 1331000   213310004   第三借阅区/ [索取号:P641.72/140] 在馆    
4 1331001   213310013   第三借阅区/ [索取号:P641.72/140] 在馆    
唐山师范学院图书馆 欢迎您!
大连网信软件有限公司© 版权所有